[Event "FRA-chT Top 16 Gp Basse"]
[Site "Chartres"]
[Date "2022.06.16"]
[Round "1.3"]
[White "Godart, Francois"]
[Black "Feller, Sebastien"]
[Result "1/2-1/2"]
[WhiteElo "2394"]
[BlackElo "2574"]
[PlyCount "84"]
[EventDate "2022.06.16"]
[EventType "team-tourn"]
[EventRounds "4"]
[EventCountry "FRA"]
[SourceTitle "CBM 208 Extra"]
[Source "ChessBase"]
[SourceDate "2022.07.31"]
[SourceVersion "1"]
[SourceVersionDate "2022.07.31"]
[SourceQuality "1"]
[WhiteTeam "St Quentin"]
[BlackTeam "Metz Fischer"]
[WhiteTeamCountry "FRA"]
[BlackTeamCountry "FRA"]

1. e4 e5 2. f4 d5 3. exd5 exf4 4. Nf3 Nf6 5. Bb5+ c6 6. dxc6 Nxc6 7. Nc3 Qb6 8. d4 Bb4 9. 0-0 0-0 10. Bxc6 Bxc3 11. bxc3 Qxc6 12. Qd3 b5 13. Bxf4 Be6 14. Ne5 Qd5 15. a4 a6 16. axb5 axb5 17. Rxa8 Rxa8 18. Rb1 Ne4 19. c4 bxc4 20. Nxc4 Qb5 21. Nd2 Qxd3 22. cxd3 Nc3 23. Rb8+ Rxb8 24. Bxb8 Ne2+ 25. Kf2 Nxd4 26. Be5 Nc6 27. Bc3 f6 28. Nc4 Kf7 29. Ne3 Bb3 30. h4 h5 31. Kf3 Ke6 32. d4 Bd5+ 33. Kf4 Ne7 34. g4 hxg4 35. Kxg4 Be4 36. Bb4 Nd5 37. Nxd5 Kxd5 38. h5 Kxd4 39. Bf8 g5 40. hxg6 Bxg6 41. Bg7 Ke5 42. Bxf6+ Kxf6 1/2-1/2

[Event "FRA-chT Top 16 GpA"]
[Site "Chartres"]
[Date "2022.06.13"]
[Round "5.4"]
[White "Feller, Sebastien"]
[Black "Baillon, Olivier"]
[Result "0-1"]
[WhiteElo "2574"]
[BlackElo "2197"]
[PlyCount "67"]
[EventDate "2022.06.09"]
[EventType "team-tourn"]
[EventRounds "7"]
[EventCountry "FRA"]
[SourceTitle "CBM 208 Extra"]
[Source "ChessBase"]
[SourceDate "2022.07.31"]
[SourceVersion "1"]
[SourceVersionDate "2022.07.31"]
[SourceQuality "1"]
[WhiteTeam "Metz Fischer"]
[BlackTeam "Paris Club 608"]
[WhiteTeamCountry "FRA"]
[BlackTeamCountry "FRA"]

1. e4 c5 2. Nf3 d6 3. d4 cxd4 4. Nxd4 Nf6 5. Nc3 Nc6 6. Nb3 g6 7. Be2 Bg7 8. 0-0 0-0 9. Re1 b6 10. Bf1 Bb7 11. Bg5 Rc8 12. Nd5 Ne5 13. Bxf6 exf6 14. c3 Nc4 15. Bxc4 Rxc4 16. Qd3 Ra4 17. Nd2 Ra5 18. b4 Ra4 19. a3 Qd7 20. c4 f5 21. Ra2 Re8 22. h3 Bxd5 23. Qxd5 Bc3 24. Qd3 Bxb4 25. e5 Qc6 26. Re2 Bxd2 27. Rexd2 dxe5 28. Rac2 e4 29. Qb3 Ra5 30. Rd5 Rc5 31. Rcd2 Rxc4 32. Rd7 Qe6 33. Kh2 a6 34. R7d4 0-1

[Event "Paris Barreau 2nd"]
[Site "Paris"]
[Date "2021.06.22"]
[Round "8"]
[White "Feller, Sebastien"]
[Black "David, Alberto"]
[Result "1/2-1/2"]
[WhiteElo "2568"]
[BlackElo "2527"]
[PlyCount "20"]
[EventDate "2021.06.19"]
[EventType "tourn"]
[EventRounds "9"]
[EventCountry "FRA"]
[EventCategory "10"]
[SourceTitle "CBM 203 Extra"]
[Source "ChessBase"]
[SourceDate "2021.09.30"]
[SourceVersion "1"]
[SourceVersionDate "2021.09.30"]
[SourceQuality "1"]

1. e4 c5 2. Nf3 e6 3. c3 Nf6 4. Bd3 d5 5. e5 Nfd7 6. Bc2 c4 7. 0-0 Nc6 8. Re1 g5 9. Ba4 h6 10. d4 cxd3 1/2-1/2

[Event "Paris Barreau 2nd"]
[Site "Paris"]
[Date "2021.06.20"]
[Round "3"]
[White "Travadon, Loic"]
[Black "Feller, Sebastien"]
[Result "1/2-1/2"]
[WhiteElo "2415"]
[BlackElo "2568"]
[PlyCount "26"]
[EventDate "2021.06.19"]
[EventType "tourn"]
[EventRounds "9"]
[EventCountry "FRA"]
[EventCategory "10"]
[SourceTitle "CBM 203 Extra"]
[Source "ChessBase"]
[SourceDate "2021.09.30"]
[SourceVersion "1"]
[SourceVersionDate "2021.09.30"]
[SourceQuality "1"]

1. d4 d5 2. c4 c6 3. cxd5 cxd5 4. Bf4 Nc6 5. e3 Nf6 6. Nc3 Bf5 7. Bd3 Bxd3 8. Qxd3 e6 9. Nf3 Bd6 10. Bxd6 Qxd6 11. 0-0 0-0 12. Rfc1 Rfc8 13. h3 Nd7 1/2-1/2

[Event "Cappelle Online Blitz op"]
[Site "Europe Echecs INT"]
[Date "2021.03.07"]
[Round "1"]
[White "Feller, Sebastien"]
[Black "Jourdain, Antoine"]
[Result "1-0"]
[WhiteElo "2568"]
[BlackElo "1883"]
[PlyCount "61"]
[EventDate "2021.03.07"]
[EventType "swiss (blitz)"]
[EventRounds "11"]
[EventCountry "FRA"]
[SourceTitle "CBM 201 Extra"]
[Source "ChessBase"]
[SourceDate "2021.05.31"]
[SourceVersion "1"]
[SourceVersionDate "2021.05.31"]
[SourceQuality "1"]

1. d4 Nf6 2. Nf3 c5 3. Bg5 Ne4 4. Bf4 Nf6 5. e3 cxd4 6. exd4 g6 7. Nbd2 Bg7 8. c3 0-0 9. Bd3 d6 10. 0-0 Nc6 11. Qc2 Re8 12. Rfe1 Nd5 13. Bg5 Bg4 14. h3 Bd7 15. Qb3 Nf6 16. d5 Na5 17. Qa3 b6 18. b4 Nb7 19. Ba6 Qc7 20. c4 h6 21. Be3 e6 22. Rac1 Rab8 23. Nd4 exd5 24. cxd5 Qd8 25. Nc6 Bxc6 26. dxc6 Nc5 27. bxc5 dxc5 28. Bf4 Rxe1+ 29. Rxe1 Rc8 30. Bxc8 Qxc8 31. c7 1-0

[Event "Cappelle Online Blitz op"]
[Site "Europe Echecs INT"]
[Date "2021.03.07"]
[Round "9"]
[White "Feller, Sebastien"]
[Black "Saya, Ethan"]
[Result "1-0"]
[WhiteElo "2568"]
[BlackElo "2230"]
[PlyCount "103"]
[EventDate "2021.03.07"]
[EventType "swiss (blitz)"]
[EventRounds "11"]
[EventCountry "FRA"]
[SourceTitle "CBM 201 Extra"]
[Source "ChessBase"]
[SourceDate "2021.05.31"]
[SourceVersion "1"]
[SourceVersionDate "2021.05.31"]
[SourceQuality "1"]

1. d4 Nf6 2. Nf3 d5 3. Bg5 Ne4 4. Bh4 c5 5. dxc5 Qa5+ 6. Nbd2 Nc6 7. c3 Nxd2 8. Qxd2 Qxc5 9. b4 Qd6 10. Bg3 Qd8 11. e3 e6 12. a3 Bd6 13. c4 0-0 14. c5 Be7 15. Rc1 Bf6 16. Be2 d4 17. 0-0 dxe3 18. Qxe3 Nd4 19. Rfd1 Nxe2+ 20. Qxe2 Bd7 21. Be5 Qc8 22. Bxf6 gxf6 23. Qd2 Ba4 24. Re1 Qd8 25. Qh6 Kh8 26. Rc4 Rg8 27. Rh4 Rg7 28. Rh3 Qe7 29. Rg3 Rag8 30. Re4 Rxg3 31. hxg3 Bc2 32. Rf4 Bg6 33. Qh4 Kg7 34. Ne5 Qd8 35. Rd4 Qe7 36. Ng4 Rd8 37. Qh6+ Kg8 38. Qf4 Rxd4 39. Qxd4 Kg7 40. b5 h5 41. Ne3 Qc7 42. a4 Qa5 43. Kh2 Qe1 44. c6 bxc6 45. bxc6 Qc1 46. Qc4 Qxc4 47. Nxc4 Be4 48. c7 Bb7 49. Nd6 Ba6 50. Nb5 Kf8 51. Nxa7 Ke7 52. c8Q 1-0

[Event "Cappelle Online Blitz op"]
[Site "Europe Echecs INT"]
[Date "2021.03.07"]
[Round "7"]
[White "Feller, Sebastien"]
[Black "Ternault, Mathieu"]
[Result "1-0"]
[WhiteElo "2568"]
[BlackElo "2308"]
[PlyCount "63"]
[EventDate "2021.03.07"]
[EventType "swiss (blitz)"]
[EventRounds "11"]
[EventCountry "FRA"]
[SourceTitle "CBM 201 Extra"]
[Source "ChessBase"]
[SourceDate "2021.05.31"]
[SourceVersion "1"]
[SourceVersionDate "2021.05.31"]
[SourceQuality "1"]

1. d4 Nc6 2. Nf3 d6 3. d5 Ne5 4. Nxe5 dxe5 5. e4 Nf6 6. Bb5+ Bd7 7. Bxd7+ Qxd7 8. f3 e6 9. c4 Bc5 10. Nc3 a6 11. Qd3 c6 12. Be3 Bxe3 13. Qxe3 exd5 14. exd5 0-0 15. dxc6 Qxc6 16. b3 b5 17. cxb5 axb5 18. 0-0 b4 19. Na4 e4 20. Rac1 Qe6 21. Rc4 exf3 22. Qxe6 fxe6 23. Rxb4 fxg2 24. Kxg2 Nd5 25. Rxf8+ Rxf8 26. Re4 g5 27. Nc5 Nf4+ 28. Kg3 Kf7 29. h4 h6 30. hxg5 hxg5 31. Re5 Kf6 32. Nd7+ 1-0

[Event "FRA-chT 16 Final-A"]
[Site "Playchess.com INT"]
[Date "2021.01.16"]
[Round "7"]
[White "Bauer, Christian"]
[Black "Feller, Sebastien"]
[Result "1/2-1/2"]
[WhiteElo "2639"]
[BlackElo "2568"]
[PlyCount "85"]
[EventDate "2021.01.16"]
[EventType "team-tourn (blitz)"]
[EventRounds "15"]
[EventCountry "FRA"]
[SourceTitle "CBM 200 Extra"]
[Source "ChessBase"]
[SourceDate "2021.03.31"]
[SourceVersion "1"]
[SourceVersionDate "2021.03.31"]
[SourceQuality "1"]
[WhiteTeam "Nice"]
[BlackTeam "Metz Fischer"]
[WhiteTeamCountry "FRA"]
[BlackTeamCountry "FRA"]

1. Nf3 d5 2. c4 d4 3. a3 g6 4. e3 dxe3 5. fxe3 Bg7 6. d4 Nd7 7. Nc3 e5 8. d5 f5 9. e4 f4 10. b4 g5 11. h4 g4 12. Ng5 Nf8 13. c5 h6 14. Bb5+ Bd7 15. c6 bxc6 16. dxc6 Be6 17. Qxd8+ Rxd8 18. Nxe6 Nxe6 19. Bb2 Nd4 20. 0-0-0 Nf6 21. Bc4 Ke7 22. b5 f3 23. gxf3 Nxf3 24. a4 Rd4 25. Ba3+ Kd8 26. Bc5 Kc8 27. Be6+ Kb8 28. a5 Bf8 29. Bxd4 Nxd4 30. Rxd4 exd4 31. e5 dxc3 32. exf6 Bc5 33. Bxg4 a6 34. bxa6 Ka7 35. Kc2 Bd4 36. Rb1 Bxf6 37. Rb7+ Kxa6 38. Rxc7 Rb8 39. Be2+ Kxa5 40. Rb7 Rxb7 41. cxb7 Be5 42. b8Q Bxb8 43. Kxc3 1/2-1/2

[Event "FRA-chT 16 Final-A"]
[Site "Playchess.com INT"]
[Date "2021.01.16"]
[Round "2"]
[White "Feller, Sebastien"]
[Black "Gatineau, Yovann"]
[Result "1-0"]
[WhiteElo "2568"]
[BlackElo "2423"]
[PlyCount "49"]
[EventDate "2021.01.16"]
[EventType "team-tourn (blitz)"]
[EventRounds "15"]
[EventCountry "FRA"]
[SourceTitle "CBM 200 Extra"]
[Source "ChessBase"]
[SourceDate "2021.03.31"]
[SourceVersion "1"]
[SourceVersionDate "2021.03.31"]
[SourceQuality "1"]
[WhiteTeam "Metz Fischer"]
[BlackTeam "Mulhouse"]
[WhiteTeamCountry "FRA"]
[BlackTeamCountry "FRA"]

1. e4 c5 2. Nc3 Nc6 3. Nge2 Nf6 4. d4 cxd4 5. Nxd4 e6 6. Nxc6 bxc6 7. e5 Nd5 8. Ne4 Qc7 9. f4 Qb6 10. Bd3 Ba6 11. a3 f5 12. exf6 Nxf6 13. Nxf6+ gxf6 14. Qh5+ Kd8 15. Bd2 f5 16. Bxa6 Qxa6 17. Bc3 Rg8 18. Qf7 Rxg2 19. Qxf8+ Kc7 20. Be5+ Kb7 21. Qb4+ Kc8 22. 0-0-0 Qe2 23. Qf8+ Kb7 24. Rxd7+ Ka6 25. Qc5 1-0

[Event "FRA-chT Top 16 La Bourdonnais"]
[Site "Playchess.com INT"]
[Date "2021.01.09"]
[Round "6"]
[White "Feller, Sebastien"]
[Black "Gatineau, Yovann"]
[Result "1-0"]
[WhiteElo "2568"]
[BlackElo "2423"]
[PlyCount "97"]
[EventDate "2021.01.09"]
[EventType "team-tourn (rapid)"]
[EventRounds "12"]
[EventCountry "FRA"]
[SourceTitle "CBM 200 Extra"]
[Source "ChessBase"]
[SourceDate "2021.03.31"]
[SourceVersion "1"]
[SourceVersionDate "2021.03.31"]
[SourceQuality "1"]
[WhiteTeam "Metz Fischer"]
[BlackTeam "Mulhouse"]
[WhiteTeamCountry "FRA"]
[BlackTeamCountry "FRA"]

1. e4 e5 2. Nf3 Nc6 3. Bc4 Nf6 4. d3 Be7 5. 0-0 0-0 6. a4 d5 7. exd5 Nxd5 8. Re1 Bg4 9. h3 Bh5 10. Nbd2 Nb6 11. Ba2 a5 12. Nf1 Bc5 13. Ng3 Bg6 14. Be3 Bb4 15. c3 Be7 16. Bxb6 cxb6 17. Nxe5 Nxe5 18. Rxe5 Bd6 19. Rd5 Qc7 20. Nf5 Bf4 21. Nh4 Rae8 22. Qf3 Re7 23. g3 Bd6 24. Nxg6 hxg6 25. h4 Re5 26. Rxe5 Bxe5 27. Bd5 Bf6 28. Bxb7 Re8 29. Be4 Qe5 30. Kg2 g5 31. hxg5 Qxg5 32. Rh1 g6 33. Rh4 Kg7 34. Rg4 Qh5 35. Rf4 Qg5 36. Bd5 Rh8 37. Bc4 Rh7 38. Qd5 Qxd5+ 39. Bxd5 g5 40. Rc4 Be5 41. Rc6 Rh6 42. Rxh6 Kxh6 43. Bxf7 Kg7 44. Bd5 Kf6 45. Kf3 Kf5 46. Bc6 Bd6 47. Bd7+ Kf6 48. Ke4 Ke7 49. Bh3 1-0

[Event "FRA-chT Top 16 La Bourdonnais"]
[Site "Playchess.com INT"]
[Date "2021.01.09"]
[Round "7"]
[White "Rakotomaharo, Fy Antenaina"]
[Black "Feller, Sebastien"]
[Result "1/2-1/2"]
[WhiteElo "2422"]
[BlackElo "2568"]
[PlyCount "52"]
[EventDate "2021.01.09"]
[EventType "team-tourn (rapid)"]
[EventRounds "12"]
[EventCountry "FRA"]
[SourceTitle "CBM 200 Extra"]
[Source "ChessBase"]
[SourceDate "2021.03.31"]
[SourceVersion "1"]
[SourceVersionDate "2021.03.31"]
[SourceQuality "1"]
[WhiteTeam "Mulhouse"]
[BlackTeam "Metz Fischer"]
[WhiteTeamCountry "FRA"]
[BlackTeamCountry "FRA"]

1. e4 e5 2. Nf3 Nc6 3. Bb5 Nf6 4. 0-0 Nxe4 5. Re1 Nd6 6. Nxe5 Be7 7. Bf1 Nf5 8. Nf3 0-0 9. d4 d5 10. Nc3 Bf6 11. Ne2 Nce7 12. c3 Ng6 13. Nf4 c6 14. Nh5 Be7 15. Bd3 Nd6 16. Qc2 Bg4 17. Ng3 Bxf3 18. gxf3 Bg5 19. Bxg6 fxg6 20. Kg2 Qf6 21. Qd3 Rae8 22. Bxg5 Qxg5 23. Kh1 Qf6 24. Kg2 Qg5 25. Kh1 Qf6 26. Kg2 Qg5 1/2-1/2

[Event "BEL-chT 1920"]
[Site "Belgium"]
[Date "2019.11.17"]
[Round "4.2"]
[White "Kerigan, Demre"]
[Black "Feller, Sebastien"]
[Result "1/2-1/2"]
[WhiteElo "2387"]
[BlackElo "2577"]
[PlyCount "173"]
[EventDate "2019.09.29"]
[EventType "team-tourn"]
[EventRounds "11"]
[EventCountry "BEL"]
[SourceTitle "CBM 195 Extra"]
[Source "ChessBase"]
[SourceDate "2020.05.31"]
[SourceVersion "1"]
[SourceVersionDate "2020.05.31"]
[SourceQuality "1"]
[WhiteTeam "Wachtebeke"]
[BlackTeam "Wirtzfeld"]
[WhiteTeamCountry "BEL"]
[BlackTeamCountry "BEL"]

1. e4 e5 2. Bc4 Nf6 3. d3 c6 4. Nf3 Be7 5. 0-0 d6 6. Re1 0-0 7. Nbd2 Bg4 8. c3 Nbd7 9. h3 Bh5 10. Nf1 Bg6 11. Ng3 Re8 12. Bb3 Bf8 13. Nh4 d5 14. Qf3 a5 15. a4 Nc5 16. Ba2 Nxa4 17. Bg5 Re6 18. Nxg6 hxg6 19. d4 exd4 20. cxd4 Nb6 21. e5 Qe8 22. Bd2 Nh7 23. Qg4 Bb4 24. Bc3 Na4 25. Re3 b5 26. Ne2 Re7 27. Bb1 Bxc3 28. bxc3 Qd7 29. Qh4 Nb6 30. Nf4 Nf8 31. e6 Qd6 32. exf7+ Rxf7 33. Nd3 Nc4 34. Re1 Qf6 35. Qg4 Raa7 36. Ra2 Rae7 37. Rae2 Rxe2 38. Qxe2 g5 39. Qe8 g6 40. Re2 Kg7 41. Ne1 b4 42. cxb4 axb4 43. Nf3 b3 44. Bd3 b2 45. Qb8 Nd7 46. Qb4 Ndb6 47. Ne5 c5 48. Qxc5 Ra7 49. Kh2 Nxe5 50. dxe5 Qe6 51. Qd4 Re7 52. Rxb2 Nd7 53. Rb5 Qxe5+ 54. Qxe5+ Nxe5 55. Rxd5 Kf6 56. Be2 Rd7 57. Rxd7 Nxd7 58. Kg3 Ne5 59. Bb5 Kf5 60. f3 Kf6 61. Kf2 Nf7 62. Ke3 Nd6 63. Bd3 Nf7 64. Kd4 Ne5 65. Bb5 Nf7 66. Kd5 Nd8 67. Bd7 Nf7 68. Ba4 Nd8 69. g3 Nf7 70. Bb5 Ne5 71. Ke4 Nf7 72. Kd5 Ne5 73. Be2 Nf7 74. Bd3 Ne5 75. Be4 Nf7 76. Kd4 Nd6 77. Ke3 Nc4+ 78. Kd3 Ne5+ 79. Kd4 Nf7 80. Ke3 Ne5 81. Bd3 Nf7 82. f4 gxf4+ 83. Kxf4 g5+ 84. Ke4 Ne5 85. Be2 Nd7 86. Kd5 Ne5 87. Ke4 1/2-1/2

[Event "BL2-West 1920"]
[Site "Germany"]
[Date "2019.09.29"]
[Round "1.1"]
[White "Feller, Sebastien"]
[Black "Cyborowski, Lukasz"]
[Result "1/2-1/2"]
[WhiteElo "2577"]
[BlackElo "2509"]
[PlyCount "33"]
[EventDate "2019.09.19"]
[EventType "team-tourn"]
[EventRounds "9"]
[EventCountry "GER"]
[SourceTitle "EXT 2023"]
[Source "ChessBase"]
[SourceDate "2022.10.05"]
[SourceVersion "1"]
[SourceVersionDate "2022.10.05"]
[SourceQuality "1"]
[WhiteTeam "Koblenz SV"]
[BlackTeam "Remagen Sinzig"]
[WhiteTeamCountry "GER"]
[BlackTeamCountry "GER"]

1. d4 d5 2. c4 e6 3. Nf3 Nf6 4. g3 Bb4+ 5. Nbd2 dxc4 6. Bg2 b5 7. 0-0 0-0 8. a4 c6 9. Ne1 Nd5 10. Nc2 Be7 11. e4 Nf6 12. e5 Nd5 13. Ne4 Nd7 14. axb5 cxb5 15. Nc3 N7b6 16. Nxb5 Nd7 17. Nc3 1/2-1/2

[Event "FRA-ch 94th"]
[Site "Chartres"]
[Date "2019.08.25"]
[Round "9"]
[White "Feller, Sebastien"]
[Black "Cornette, Matthieu"]
[Result "1/2-1/2"]
[WhiteElo "2577"]
[BlackElo "2555"]
[PlyCount "57"]
[EventDate "2019.08.17"]
[EventType "tourn"]
[EventRounds "9"]
[EventCountry "FRA"]
[EventCategory "13"]
[SourceTitle "EXT 2020"]
[Source "ChessBase"]
[SourceDate "2019.10.17"]
[SourceVersion "1"]
[SourceVersionDate "2019.10.17"]
[SourceQuality "1"]

1. d4 Nf6 2. c4 e6 3. Nf3 d5 4. Nc3 dxc4 5. e4 Bb4 6. Bg5 c5 7. e5 cxd4 8. Qa4+ Nc6 9. 0-0-0 Bd7 10. Ne4 Be7 11. exf6 gxf6 12. Bh4 Rc8 13. Kb1 Na5 14. Qc2 e5 15. Nxd4 exd4 16. Rxd4 Qb6 17. Rxd7 Kxd7 18. Be2 Ke8 19. Bg4 Rd8 20. Qc3 Rd3 21. Nxf6+ Bxf6 22. Qxf6 Qxf6 23. Bxf6 Rg8 24. Re1+ Kf8 25. Be7+ Kg7 26. Re5 Re8 27. Rg5+ Kh6 28. Rh5+ Kg6 29. Rg5+ 1/2-1/2

[Event "FRA-ch 94th"]
[Site "Chartres"]
[Date "2019.08.19"]
[Round "3"]
[White "Feller, Sebastien"]
[Black "Fressinet, Laurent"]
[Result "1/2-1/2"]
[WhiteElo "2577"]
[BlackElo "2625"]
[PlyCount "68"]
[EventDate "2019.08.17"]
[EventType "tourn"]
[EventRounds "9"]
[EventCountry "FRA"]
[EventCategory "13"]
[SourceTitle "EXT 2020"]
[Source "ChessBase"]
[SourceDate "2019.10.17"]
[SourceVersion "1"]
[SourceVersionDate "2019.10.17"]
[SourceQuality "1"]

1. d4 Nf6 2. c4 e6 3. Nf3 d5 4. Nc3 Bb4 5. Bg5 h6 6. Bxf6 Qxf6 7. e3 0-0 8. Qb3 c5 9. cxd5 exd5 10. dxc5 Bxc3+ 11. Qxc3 Qxc3+ 12. bxc3 Nd7 13. Rd1 Nxc5 14. Rxd5 b6 15. Rd4 Bb7 16. Bc4 Rac8 17. 0-0 Ne6 18. Bxe6 fxe6 19. Ne5 Rf5 20. f4 Rxc3 21. e4 Rc2 22. Rf3 Rf8 23. h4 Rc7 24. h5 Kh7 25. Ng6 Rfc8 26. Rfd3 b5 27. a4 a6 28. axb5 axb5 29. Kf2 Rc4 30. Ke3 Rxd4 31. Rxd4 Rc3+ 32. Kd2 Rc4 33. Rd8 Rc8 34. Rd4 Rc4 1/2-1/2

[Event "FRA-chT Top 12"]
[Site "Brest"]
[Date "2019.05.28"]
[Round "11.3"]
[White "Santos Ruiz, Miguel"]
[Black "Feller, Sebastien"]
[Result "1/2-1/2"]
[WhiteElo "2549"]
[BlackElo "2587"]
[PlyCount "40"]
[EventDate "2019.05.18"]
[EventType "team-tourn"]
[EventRounds "11"]
[EventCountry "FRA"]
[SourceTitle "CBM 190 Extra"]
[Source "ChessBase"]
[SourceDate "2019.07.15"]
[SourceVersion "1"]
[SourceVersionDate "2019.07.15"]
[SourceQuality "1"]
[WhiteTeam "Grasse Echecs"]
[BlackTeam "Metz Fischer"]
[WhiteTeamCountry "FRA"]
[BlackTeamCountry "FRA"]

1. e4 e5 2. Nf3 Nc6 3. Bb5 Nf6 4. 0-0 Nxe4 5. Re1 Nd6 6. Nxe5 Nxe5 7. Rxe5+ Be7 8. Bf1 0-0 9. Nc3 Ne8 10. Nd5 Bd6 11. Re1 c6 12. Ne3 Be7 13. c4 Nc7 14. d4 d5 15. cxd5 Bb4 16. Bd2 Bxd2 17. Qxd2 Nxd5 18. Nxd5 Qxd5 19. Re5 Qd6 20. Bc4 Bd7 1/2-1/2

[Event "FRA-chT Top 12"]
[Site "Brest"]
[Date "2019.05.24"]
[Round "7.1"]
[White "Feller, Sebastien"]
[Black "Daulyte Cornette, Deimante"]
[Result "1/2-1/2"]
[WhiteElo "2587"]
[BlackElo "2433"]
[PlyCount "41"]
[EventDate "2019.05.18"]
[EventType "team-tourn"]
[EventRounds "11"]
[EventCountry "FRA"]
[SourceTitle "CBM 190 Extra"]
[Source "ChessBase"]
[SourceDate "2019.07.15"]
[SourceVersion "1"]
[SourceVersionDate "2019.07.15"]
[SourceQuality "1"]
[WhiteTeam "Metz Fischer"]
[BlackTeam "Monaco"]
[WhiteTeamCountry "FRA"]
[BlackTeamCountry "FRA"]

1. Nf3 d5 2. g3 g6 3. Bg2 Bg7 4. d4 c6 5. 0-0 Nf6 6. Nbd2 0-0 7. Re1 Bf5 8. Nh4 Bc8 9. c3 e5 10. dxe5 Ng4 11. e4 Nxe5 12. exd5 Nd3 13. Rf1 cxd5 14. Nb3 Nxc1 15. Rxc1 Bf6 16. Qxd5 Bxh4 17. gxh4 Qxh4 18. Nd4 Nc6 19. Nxc6 bxc6 20. Qxc6 Rb8 21. Qe4 1/2-1/2

[Event "FRA-chT Top 12"]
[Site "Brest"]
[Date "2019.05.19"]
[Round "2.5"]
[White "Istratescu, Andrei"]
[Black "Feller, Sebastien"]
[Result "1/2-1/2"]
[WhiteElo "2555"]
[BlackElo "2587"]
[PlyCount "25"]
[EventDate "2019.05.18"]
[EventType "team-tourn"]
[EventRounds "11"]
[EventCountry "FRA"]
[SourceTitle "CBM 190 Extra"]
[Source "ChessBase"]
[SourceDate "2019.07.15"]
[SourceVersion "1"]
[SourceVersionDate "2019.07.15"]
[SourceQuality "1"]
[WhiteTeam "Mulhouse"]
[BlackTeam "Metz Fischer"]
[WhiteTeamCountry "FRA"]
[BlackTeamCountry "FRA"]

1. Nf3 d5 2. d4 Nf6 3. c4 e6 4. e3 a6 5. Nbd2 c5 6. cxd5 exd5 7. dxc5 Bxc5 8. Nb3 Bb6 9. Be2 Nc6 10. 0-0 Bg4 11. Nfd4 Bxe2 12. Nxe2 0-0 13. Bd2 1/2-1/2